The witch-cult in Western Europe
Αποθηκεύτηκε σε:
| Κύριος συγγραφέας: | |
|---|---|
| Μορφή: | Βιβλίο |
| Γλώσσα: | English |
| Δημοσίευση: |
Oxford :
Clarendon Press,
1921
|
| Θέματα: | |
| Ετικέτες: |
Προσθήκη ετικέτας
Δεν υπάρχουν, Καταχωρήστε ετικέτα πρώτοι!
|
MARC
| LEADER | 00000cam a2200000 i 4500 | ||
|---|---|---|---|
| 001 | 1/27773 | ||
| 008 | 060406s1921 eng d | ||
| 020 | |a 0-19-881053-9 | ||
| 035 | |l 10083484 | ||
| 040 | |a GR-MY-UA |b gre |e aacr | ||
| 041 | 0 | |a eng | |
| 082 | 0 | |a 133.4 |2 (22) | |
| 100 | 1 | |a Murray, Margaret Alice. | |
| 245 | 1 | 4 | |a The witch-cult in Western Europe / |c by Margaret Alice Murray |
| 260 | |a Oxford : |b Clarendon Press, |c 1921 | ||
| 300 | |a 303 σ.; |c 20 εκ. | ||
| 500 | |a Έγινε λιθογραφική ανατύπωση στην Μεγάλη Βρετανία από τα κείμενα της πρώτης έκδοσης το 1971 | ||
| 504 | |a Περιέχει βιβλιογραφία (σ. [281]-285) και ευρετήριο | ||
| 650 | 0 | 0 | |a Witchcraft |z Great Britain. |
| 650 | 0 | 0 | |a Ethnology. |
| 852 | |a INST |b LESVOS |e 20060406 |h 133.4 MUR |p 005100034847 |q 005100034847 |t BK |y 0 | ||
| 901 | |a BIBL1-2006-1 | ||
| 909 | |a Λ |b 126409 | ||
| 970 | |a ΚΑΡΑ |b ΓΙΑΣΕΜΗ |z 2006/04/06 | ||